00000000nam##2200000za#4500
0019.534746
003CaOODSP
00520210615083632
007ta
008150406|2000||||xxc|||||     f|0| 0 eng|d
040 |aCaOODSP|beng
041 |aeng
041 |afre
043 |an-cn---
0861 |aNH14-1/0394
1102 |aCanada Mortgage and Housing Corporation.
24512|aA project to promote implementation of the national building code and a standardized building permit in Prince Edward Island / |cPrepared by The Home Builders' Association of Prince Edward Island. Prepared by Word-Works Communications Services.
260 |aOttawa - Ontario : |bCanada Mortgage and Housing Corporation |c2000.
300 |aEnglish text, i, 17p. : |billus. ; |c28 cm.
4901 |aAffordability and Choice Today (ACT) regulatory reform project|v0394
546 |aBilingual
563 |aSoftcover
590 |a01-05|b2001-02-02
69007|aConstruction industry|2gcpds
69007|aHousing|2gcpds
69007|aCosts|2gcpds
7760#|tProjet visant à promouvoir l'adoption du code nationa du bâtiment et d'une formule uniformisée de demande de permis de construire à l'Île-du-Prince-Édouard / |w(CaOODSP)9.588092
792 |tProjet visant à promouvoir l'adoption du code national du bâtiment et d'une formule uniformisée de demande de permis de construire à l'Ile-du-Prince-Édouard / |efre|w(CaOODSP)9.534747
830#0|aAffordability and Choice Today (ACT) regulatory reform project ;|v0394|w(CaOODSP)9.509540
986 |aPB 0394